000 00332nam a2200133Ia 4500
005 20251222144652.0
008 251222s9999||||xx |||||||||||||| ||spa||
020 _a958-653-538-X
082 _a356.02/M22
100 _aMantilla Espinosa, Fabricio
245 0 _aLos Contratos en el Derecho Privado
264 _bLegis
942 _cLIB
999 _c17121
_d17121